Voľný pohyb zamestnancov v EÚ - právny základ

Cieľ voľného pohybu zamestnancov v EÚ. Ustanovenia o voľnom pohybe zamestnancov na území Spoločenstva majú prednosť pred opatreniami vnútroštátnej legislatívy. Smernice slúžiace na dosiahnutie voľného pohybu zamestnancov. Pojem zamestnanec, tak ako ho vymedzuje právo EÚ. Sloboda pohybu je základným...

Descrizione completa

Salvato in:
Dettagli Bibliografici
Autore principale: Križan, Viktor
Natura: Capitolo di libro
Lingua:slovacco
Soggetti:
Tags: Aggiungi Tag
Nessun Tag, puoi essere il primo ad aggiungerne!!

MARC

LEADER 00000naa$a2200000$$$4500
001 0091798
005 20231120111644.9
041 0 |a slo 
044 |a SK 
245 1 0 |a Voľný pohyb zamestnancov v EÚ - právny základ  |c Viktor Križan 
520 |a Cieľ voľného pohybu zamestnancov v EÚ. Ustanovenia o voľnom pohybe zamestnancov na území Spoločenstva majú prednosť pred opatreniami vnútroštátnej legislatívy. Smernice slúžiace na dosiahnutie voľného pohybu zamestnancov. Pojem zamestnanec, tak ako ho vymedzuje právo EÚ. Sloboda pohybu je základným právom zamestnancov a ich rodín. 
610 2 0 |a pohyb síl pracovných medzinárodný 
610 2 0 |a Európska únia 
610 2 0 |a zamestnanci 
610 2 0 |a legislatíva 
100 1 |a Križan, Viktor